Moboilization on the waterfront: the ideological/cultural roots of potential regime change in Philadelphia (Record no. 82871)

000 -LEADER
fixed length control field 00448pab a2200157 454500
008 - FIXED-LENGTH DATA ELEMENTS--GENERAL INFORMATION
fixed length control field 180718b2009 xxu||||| |||| 00| 0 eng d
100 ## - MAIN ENTRY--PERSONAL NAME
Personal name McGovern, Stephen J.
245 ## - TITLE STATEMENT
Title Moboilization on the waterfront: the ideological/cultural roots of potential regime change in Philadelphia
260 ## - PUBLICATION, DISTRIBUTION, ETC.
Date of publication, distribution, etc. 2009
300 ## - PHYSICAL DESCRIPTION
Extent p.663-94.
362 ## - DATES OF PUBLICATION AND/OR SEQUENTIAL DESIGNATION
Dates of publication and/or sequential designation May
650 ## - SUBJECT ADDED ENTRY--TOPICAL TERM
Topical term or geographic name entry element Political culture
773 ## - HOST ITEM ENTRY
Main entry heading Urban Affairs Quarterly
908 ## - PUT COMMAND PARAMETER (RLIN)
Put command parameter N
909 ## -
-- 82871
Holdings
Withdrawn status Lost status Damaged status Not for loan Permanent Location Current Location Date acquired Serial Enumeration / chronology Barcode Date last seen Price effective from Koha item type
        Indian Institute of Public Administration Indian Institute of Public Administration 2018-07-19 Volume no: 44, Issue no: 5 AR83331 2018-07-19 2018-07-19 Articles

Powered by Koha